000 00276nam a2200097Ia 4500
001 1209815
005 20250827024406.0
008 250824s9999 xx 000 0 und d
245 0 _aBAHAR VE KELEBEKLER
_cÖMER SEYFETTİN
260 _bALTIN KİTAPLAR YAYINLARI
999 _c1209815
_d1209815